Normal view
MARC view
Entry Personal Name
001 - CONTROL NUMBER
- control field: 42680
003 - CONTROL NUMBER IDENTIFIER
- control field: ARRUPE
005 - DATE AND TIME OF LATEST TRANSACTION
- control field: 20181002113027.0
008 - FIXED-LENGTH DATA ELEMENTS
- fixed length control field: 181002|| aca||aabn | a|a d
040 ## - CATALOGING SOURCE
- Original cataloging agency: ARRUPE
- Transcribing agency: ARRUPE
100 ## - HEADING--PERSONAL NAME
- Personal name: Iyer, Pico,
- Relator term: author.
670 ## - SOURCE DATA FOUND
- Source citation: Work cat.: (ARRUPE)0: Iyer, Pico, author., The art of stillness :, 2014